[Event "WYCC 2018 O16"]
[Site "Halkidiki"]
[Date "2018.10.21"]
[Round "3"]
[White "Stevanic, David"]
[Black "Ibrahimli, Murad"]
[Result "1/2-1/2"]
[WhiteElo "2281"]
[BlackElo "2379"]
[Annotator "TA"]
[PlyCount "113"]
[EventDate "2018.10.20"]
[EventType "swiss"]
[EventCountry "GRE"]
[SourceTitle "playchess.com"]
[Source "ChessBase"]
[SourceQuality "1"]

{[%evp 21,113,8,15,0,16,-17,11,0,20,11,6,0,34,32,40,31,31,28,41,39,35,40,68,21,32,33,37,32,46,15,41,41,101,99,66,64,61,0,0,0,0,0,0,0,0,0,0,0,0,0,0,0,0,0,0,0,0,0,32,32,32,32,32,32,61,46,110,0,0,0,80,32,82,8,8,0,0,0,464,19,116,116,117,0,0,0,0,-552,0,0,0,0,0,0]} 1. e4 {Mekhitarian,K} c5 2. Nf3 d6 3. d4 cxd4 4. Nxd4 Nf6 5. Nc3 a6 6. h3 e5 7. Nde2 h5 {B90: Sicilian Najdorf: Unusual White 6th moves, 6 Be3 Ng4 and 6 Be3 e5} 8. Bg5 Be6 9. Bxf6 Qxf6 10. Nd5 Qd8 11. Qd3 Nd7 {LiveBook: 34 Games} 12. O-O-O g6 13. Qa3 $146 ({Predecessor:} 13. Kb1 Nc5 14. Qf3 Bg7 15. Nec3 {1-0 (40) Anand,V (2783)-Nepomniachtchi,I (2742) Saint Louis 2017 CBM 180 [Mekhitarian,K]}) 13... Rc8 14. Nec3 Nf6 15. Kb1 Nxd5 16. Nxd5 Bxd5 (16... Bh6 {is more complex.} 17. g4 hxg4 18. hxg4 Bxg4 19. Re1 Be6) 17. Rxd5 Be7 18. Be2 Qb6 19. Qg3 Rc5 20. Rhd1 Rxd5 21. Rxd5 Bf6 22. b3 Ke7 23. a4 Rc8 24. Kb2 Rc6 25. a5 Qb4 26. Qe3 Qe1 ({Better is} 26... Rc5 $14) 27. c3 $16 Qg1 28. Bf3 Kd7 29. g3 (29. Rd3 $14) 29... Bg5 $1 $11 {[%cal Rg5e3]} 30. Qxg5 Qxf2+ 31. Rd2 Qxf3 32. Qxe5 $1 {[%mdl 4096] Endgame KQR-KQR} Qe3 33. Qd4 Qxd4 34. cxd4 {KR-KR} d5 35. exd5 Rf6 {...Rf3 is the strong threat.} 36. Kc3 Kd6 37. Rd3 Rf1 38. Re3 g5 39. Kc4 g4 40. hxg4 hxg4 41. Re4 f5 42. Re6+ Kd7 43. Rb6 Kc8 (43... Rc1+ $14 44. Kb4 Kc7) 44. d6 ({White should play} 44. Rf6 $16) 44... Rf3 {[#]} 45. d7+ $1 {[%mdl 512]} Kd8 (45... Kxd7 $11 {keeps the balance.} 46. Rxb7+ Ke8) 46. Rxb7 $16 Rxg3 47. Ra7 (47. b4 $16) 47... f4 $1 $11 {[%cal Rf4f3]} 48. Rxa6 f3 {White must now prevent ...f2.} 49. Rf6 {Hoping for Rf7.} Rg2 $2 {[%mdl 8192]} (49... Rg1 $11) 50. Rf4 $2 (50. Rf7 $1 $18 {And now b4 would win.} Rg1 51. Kd5) 50... Kxd7 (50... Rg1 $1 $11) 51. a6 $1 $16 Kc7 {[#]} 52. a7 (52. b4 $1 $16) 52... Kb7 $1 $11 53. Rf7+ Ka8 {aiming for ...f2.} 54. Kd3 $2 {[%mdl 8192] [#]} (54. d5 $11 {and White has nothing to worry.} Rh2 55. Kb4) 54... Rb2 $2 ({Black should try} 54... Rg1 $1 $19 {Strongly threatening ...g3.} 55. Kd2 Rb1) 55. Ke3 {The position is equal.} Re2+ 56. Kf4 Rg2 57. Ke3 {Precision: White = 47%, Black = 57%.} 1/2-1/2

[Event "WYCC 2018 O16"]
[Site "Halkidiki"]
[Date "2018.10.21"]
[Round "3"]
[White "Faerber, David"]
[Black "Pena Cifuentes, Tomas Alberto"]
[Result "1-0"]
[WhiteElo "2279"]
[BlackElo "1952"]
[Annotator "NA"]
[PlyCount "47"]
[EventDate "2018.10.20"]
[EventType "swiss"]
[EventCountry "GRE"]
[SourceTitle "playchess.com"]
[Source "ChessBase"]
[SourceQuality "1"]
[TimeControl "40/5400+30:1800+30"]

1. e4 {[%emt 0:00:00]} e6 {[%emt 0:00:00]} 2. d4 {[%emt 0:00:00]} d5 {[%emt 0:00:00]} 3. Nd2 {[%emt 0:00:00]} Nc6 {[%emt 0:00:00]} 4. Ngf3 {[%emt 0:00:03]} Nf6 {[%emt 0:00:04]} 5. e5 {[%emt 0:00:08]} Nd7 {[%emt 0:00:08]} 6. Bd3 {[%emt 0:00:08]} f6 {[%emt 0:00:14]} 7. Ng5 {[%emt 0:00:10]} Ndxe5 {[%emt 0:00:17] C04: Französische Verteidigung (Tarrasch-Variante)} 8. dxe5 {[%emt 0:00:08]} fxg5 {[%emt 0:00:07]} 9. Qh5+ {[%emt 0:00:10]} g6 {[%emt 0:00:06]} (9... Kd7 10. Nf3 Nb4 11. Bxg5 Nxd3+ 12. cxd3 Qe8 13. Qh4 Qg6 14. O-O Qxd3 15. Rfd1 {½-½ (25) Kovalev,V (2639)-Stupak,K (2565) Minsk 2018}) 10. Bxg6+ Kd7 11. c4 {[%emt 0:00:23]} Nxe5 {[%emt 0:10:31]} 12. Bc2 {[%emt 0:00:37]} Qf6 {[%emt 0:05:59]} 13. O-O {[%emt 0:00:20]} c6 {[%emt 0:10:44]} 14. cxd5 {[%emt 0:00:18]} exd5 {[%emt 0:00:44]} 15. f4 {[%emt 0:00:09]} gxf4 {[%emt 0:03:27]} 16. Ne4 $146 {[%emt 0:00:12]} dxe4 {[%emt 0:09:25]} 17. Bxf4 {[%emt 0:00:09]} Bg7 {[%emt 0:00:05]} 18. Rad1+ {[%emt 0:05:30]} Kc7 {[%emt 0:00:49]} 19. Bg3 {[%emt 0:03:03]} Qe6 {[%emt 0:07:53]} 20. Rf7+ {[%emt 0:00:48]} Kb6 {[%emt 0:00:05]} 21. Rxg7 {[%emt 0:00:38]} Re8 {[%emt 0:03:23]} 22. Bb3 {[%emt 0:01:08]} Qf6 {[%emt 0:08:46]} 23. Qxe8 $18 {[%emt 0:00:16]} Qxg7 {[%emt 0:00:47]} 24. Bxe5 {[%emt 0:00:51]} 1-0

[Event "WYCC 2018 O16"]
[Site "Halkidiki"]
[Date "2018.10.21"]
[Round "3"]
[White "Chukavin, Kirill"]
[Black "Kosakowski, Jakub"]
[Result "0-1"]
[WhiteElo "2274"]
[BlackElo "2413"]
[Annotator "TA"]
[PlyCount "108"]
[EventDate "2018.10.20"]
[EventType "swiss"]
[EventCountry "GRE"]
[SourceTitle "playchess.com"]
[Source "ChessBase"]
[SourceQuality "1"]

{[%evp 19,108,0,0,-20,0,-32,-16,-9,0,-1,0,-87,-67,-86,-37,-33,-26,-33,-52,-44,-11,-9,28,-8,0,-60,-1,-31,-24,-42,-37,-69,-64,-66,-60,-61,-58,-76,-89,-110,-105,-111,-112,-100,-110,-109,-99,-83,-56,-92,-73,-262,-249,-248,-254,-257,-256,-298,-298,-298,-262,-271,-243,-270,-243,-227,-268,-570,-562,-560,-559,-534,-527,-681,-628,-1131,-1092,-5101,-2259,-5101,-5101,-4491,-2366,-5101,-5101,-5101,-5089,-29977,-29978,-29978,-29979]} 1. e4 c5 2. Nf3 d6 3. d4 cxd4 4. Nxd4 Nf6 5. Nc3 a6 6. h3 e5 7. Nde2 h5 {B90: Sizilianisch (Najdorf-Variante, Abweichungen)} (7... b5 8. Ng3 Nbd7 9. Bg5 h6 10. Be3 Bb7 11. Bd3 h5 12. Bg5 g6 13. O-O Be7 14. a3 h4 15. Nge2 Nc5 16. Bxf6 Bxf6 {1-0 (48) Dominguez Perez,L (2739)-Vachier Lagrave,M (2779) chess.com INT 2018}) 8. g3 b5 9. Bg2 Nbd7 10. Bg5 Be7 {LiveBook: 17 Partien} 11. h4 Bb7 12. Qd2 Rc8 13. O-O O-O 14. a3 Rc7 {[#]} 15. f3 $146 (15. Rad1 $11 {hält das Gleichgewicht.}) ({Vorgänger:} 15. Rad1) 15... Nb6 16. Rad1 Qa8 17. Bxf6 Bxf6 18. Qxd6 Rc6 19. Qb4 Re8 {[%mdl 1024] Schwarz hat Kompensation.} (19... a5 $5 20. Qb3 $8 (20. Qxb5 $2 Ba6 $19) 20... a4 $11) 20. Qb3 Rc4 21. Rd2 Be7 22. Nd1 (22. Kh2 $11) 22... Bc8 (22... Rc7 $15 23. Rd3 Nc4) 23. Qa2 Be6 24. b3 Rc6 {Weiss muss nun ...Td8 beachten.} 25. Nf2 Rd8 $36 {[%mdl 2048] Schwarz hat Druck.} 26. Rfd1 Rxd2 27. Rxd2 Bc5 {zielt auf ...Da7 ab.} 28. Kf1 Qc8 29. Qb1 Be3 30. Rd3 Bxf2 $1 31. Kxf2 Rxc2 32. Rd8+ Qxd8 33. Qxc2 Qd6 34. Qb2 Nd7 {Droht ...Sc5 und aus.} 35. Bf1 $2 (35. b4 $17) 35... Nc5 $1 $19 {[%cal Rc5d3]} 36. Nc1 Qd1 37. Qc3 Nxb3 38. Nxb3 Qxb3 39. Qxb3 Bxb3 {[%mdl 4096] Endspiel KL-KL} 40. Ke3 Kf8 41. Kd2 Ke7 42. Be2 f6 {[%cal Bf7f6,Bf6e5][%mdl 32]} 43. f4 $2 {[#]} (43. Kc3 Be6 44. Bd3) 43... Bf7 $1 44. Kc3 Kd6 45. Kb4 Kc6 46. fxe5 fxe5 47. a4 bxa4 48. Bxa6 {[#]} a3 $1 {[%mdl 512] ( -> ...a2)} 49. Kxa3 Kc5 50. Be2 Kd4 51. g4 hxg4 52. Bxg4 Bg6 53. Bf5 Bxf5 54. exf5 {[#]} Ke4 $1 {Precision: Weiß = 27%, Schwarz = 72%.} 0-1

[Event "WYCC 2018 O16"]
[Site "Halkidiki"]
[Date "2018.10.21"]
[Round "3"]
[White "De Waele, Warre"]
[Black "Lin, Kerry"]
[Result "1-0"]
[WhiteElo "2272"]
[BlackElo "1931"]
[Annotator "NA"]
[PlyCount "55"]
[EventDate "2018.10.20"]
[EventType "swiss"]
[EventCountry "GRE"]
[SourceTitle "playchess.com"]
[Source "ChessBase"]
[SourceQuality "1"]
[TimeControl "40/5400+30:1800+30"]

1. Nf3 {[%emt 0:00:00]} d5 {[%emt 0:00:00]} 2. c4 {[%emt 0:00:00]} c6 {[%emt 0:00:00]} 3. e3 {[%emt 0:00:53]} Nf6 {[%emt 0:00:48]} 4. Nc3 {[%emt 0:00:06]} a6 {[%emt 0:05:33]} 5. Qc2 {[%emt 0:04:01]} e6 {[%emt 0:04:27]} 6. d4 {[%emt 0:00:34]} Be7 {[%emt 0:00:41] D45: Semi-Slav: 5 e3} (6... dxc4 7. Bxc4 b5 8. Be2 Bb7 9. a3 Nbd7 10. b4 a5 11. Rb1 axb4 12. axb4 Nd5 13. Nxd5 exd5 14. O-O Nf6 15. Ne5 {1-0 (39) So,W (2780)-Vallejo Pons,F (2707) Leon 2018}) 7. Bd3 {[%emt 0:02:43]} Nbd7 {[%emt 0:01:53]} 8. b3 {[%emt 0:00:27]} b5 {[%emt 0:04:43] LiveBook: 23 Games} 9. e4 {[%emt 0:09:19]} dxe4 $146 {[%emt 0:05:19]} ({Predecessor:} 9... bxc4 10. bxc4 dxe4 11. Nxe4 c5 12. O-O O-O 13. Ne5 cxd4 14. Nc6 Qe8 15. Bf4 e5 16. Nxe5 {1-0 (31) Leitao,R (2623)-Borges Matos,J (2453) San Cristobal 2012}) 10. Nxe4 {[%emt 0:00:14]} Bb7 {[%emt 0:03:17]} 11. O-O {[%emt 0:04:11]} Rc8 {[%emt 0:10:41]} (11... bxc4 $11 {remains equal.} 12. bxc4 c5) 12. c5 {[%emt 0:00:32]} Nxe4 {[%emt 0:00:36]} 13. Bxe4 {[%emt 0:00:10]} Nf6 {[%emt 0:00:26]} 14. Bd3 {[%emt 0:00:35]} O-O {[%emt 0:02:09]} 15. Bf4 {[%emt 0:02:25]} g6 {[%emt 0:08:02]} 16. Bh6 {[%emt 0:02:57]} Re8 {[%emt 0:00:16]} 17. Rfe1 $16 {[%emt 0:00:25]} Nd5 {[%emt 0:05:14]} 18. Qd2 {[%emt 0:08:16]} Rc7 {[%emt 0:06:35]} 19. Ne5 {[%emt 0:02:10]} Bf6 {[%emt 0:04:04]} 20. g3 {[%emt 0:01:42]} Bh8 {[%emt 0:04:18]} 21. Be4 {[%emt 0:01:37]} Bc8 {[%emt 0:08:18]} 22. h4 {[%emt 0:03:37]} Ne7 {[%emt 0:04:47]} 23. h5 {[%emt 0:05:25]} Nf5 {[%emt 0:06:04]} 24. Nxc6 {[%emt 0:06:14]} Rxc6 {[%emt 0:05:15]} 25. Bxc6 {[%emt 0:00:10]} Nxd4 {[%emt 0:00:48]} 26. Bg2 {[%emt 0:00:14]} Qc7 {[%emt 0:00:58]} 27. Rac1 {[%emt 0:01:53]} e5 {[%emt 0:03:28]} 28. Qxd4 {[%emt 0:00:09]} 1-0

[Event "WYCC 2018 O16"]
[Site "Halkidiki"]
[Date "2018.10.21"]
[Round "3"]
[White "Semjonovs, Ilja"]
[Black "Lianes Garcia, Marcos"]
[Result "1/2-1/2"]
[WhiteElo "2245"]
[BlackElo "2376"]
[Annotator "NA"]
[PlyCount "46"]
[EventDate "2018.10.20"]
[EventType "swiss"]
[EventCountry "GRE"]
[SourceTitle "playchess.com"]
[Source "ChessBase"]
[SourceQuality "1"]
[TimeControl "40/5400+30:1800+30"]

1. e4 {[%emt 0:01:46]} e5 {[%emt 0:00:27]} 2. Nf3 {[%emt 0:00:30]} Nc6 {[%emt 0:00:50]} 3. Bb5 {[%emt 0:00:32]} a6 {[%emt 0:00:52]} 4. Ba4 {[%emt 0:00:07]} Nge7 {[%emt 0:01:10]} 5. O-O {[%emt 0:04:32]} Ng6 {[%emt 0:02:53]} 6. d4 {[%emt 0:06:06]} exd4 {[%emt 0:16:46]} 7. Bxc6 {[%emt 0:04:45]} dxc6 {[%emt 0:01:42]} 8. Qxd4 {[%emt 0:02:28]} Qxd4 {[%emt 0:03:47]} 9. Nxd4 {[%emt 0:00:06]} Bd7 {[%emt 0:03:27]} 10. f4 {[%emt 0:07:43]} O-O-O {[%emt 0:12:27]} 11. Be3 {[%emt 0:02:46]} Bc5 $15 {[%emt 0:03:06]} 12. Nd2 {[%emt 0:09:40]} Rhe8 {[%emt 0:02:31]} 13. c3 {[%emt 0:03:40]} Bxd4 {[%emt 0:14:52]} 14. Bxd4 {[%emt 0:05:15]} c5 {[%emt 0:03:48]} 15. Bxc5 {[%emt 0:10:42]} Bc6 {[%emt 0:10:48]} 16. Bd4 {[%emt 0:04:51]} Bxe4 {[%emt 0:02:55]} 17. Nxe4 {[%emt 0:04:16]} Rxe4 {[%emt 0:00:05]} 18. g3 {[%emt 0:00:05]} f6 {[%emt 0:01:52]} 19. Rae1 {[%emt 0:02:20]} Rde8 {[%emt 0:00:42]} 20. Rxe4 {[%emt 0:00:17]} Rxe4 {[%emt 0:00:02]} 21. Kf2 {[%emt 0:00:11]} Ne7 {[%emt 0:02:14]} 22. Kf3 {[%emt 0:02:35]} Re6 {[%emt 0:00:08]} 23. g4 {[%emt 0:00:38]} g6 {[%emt 0:01:28]} 1/2-1/2

[Event "WYCC 2018 O16"]
[Site "Halkidiki"]
[Date "2018.10.21"]
[Round "3"]
[White "Wang, Yanbin"]
[Black "Stoleriu, George"]
[Result "1-0"]
[WhiteElo "2220"]
[BlackElo "2362"]
[Annotator "NA"]
[PlyCount "53"]
[EventDate "2018.10.20"]
[EventType "swiss"]
[EventCountry "GRE"]
[SourceTitle "playchess.com"]
[Source "ChessBase"]
[SourceQuality "1"]
[TimeControl "40/5400+30:1800+30"]

1. Nf3 {[%emt 0:00:00]} d5 {[%emt 0:00:00]} 2. c4 {[%emt 0:00:05]} d4 {[%emt 0:02:34]} 3. e3 {[%emt 0:00:53]} Nc6 {[%emt 0:01:17]} 4. exd4 {[%emt 0:01:35]} Nxd4 {[%emt 0:00:05]} 5. Nxd4 {[%emt 0:00:23]} Qxd4 {[%emt 0:00:05]} 6. Nc3 {[%emt 0:00:16]} c6 {[%emt 0:01:55]} 7. d3 {[%emt 0:00:42]} Nh6 {[%emt 0:01:43]} 8. Be3 {[%emt 0:01:00]} Qd8 {[%emt 0:00:12]} 9. d4 {[%emt 0:02:46]} Nf5 {[%emt 0:01:08]} 10. Qd2 {[%emt 0:00:53]} g6 {[%emt 0:00:47]} 11. Be2 {[%emt 0:02:37]} Bg7 {[%emt 0:01:02]} 12. O-O-O {[%emt 0:02:26]} O-O {[%emt 0:01:38]} 13. h4 {[%emt 0:02:15]} Nxe3 {[%emt 0:16:10]} 14. Qxe3 {[%emt 0:04:03]} Re8 {[%emt 0:04:19]} 15. h5 {[%emt 0:00:44]} Qa5 $11 {[%emt 0:00:46]} 16. f4 {[%emt 0:04:59]} Rb8 {[%emt 0:02:32]} 17. g4 {[%emt 0:06:10]} b5 {[%emt 0:02:13]} 18. hxg6 {[%emt 0:00:11]} hxg6 {[%emt 0:00:52]} 19. f5 {[%emt 0:01:47]} bxc4 {[%emt 0:54:31]} 20. fxg6 {[%emt 0:04:04]} fxg6 {[%emt 0:00:05]} 21. Bxc4+ {[%emt 0:00:25]} e6 {[%emt 0:00:04]} 22. Qh3 {[%emt 0:00:44]} Kf7 {[%emt 0:03:40]} 23. Rdf1+ {[%emt 0:02:58]} Ke7 {[%emt 0:00:11]} 24. Qh7 {[%emt 0:00:14]} Qg5+ {[%emt 0:02:43]} 25. Kb1 {[%emt 0:00:19]} Qd2 {[%emt 0:01:21]} 26. Qxg7+ {[%emt 0:00:06]} Kd8 {[%emt 0:00:04]} 27. Qf6+ {[%emt 0:00:20]} 1-0

[Event "WYCC 2018 O16"]
[Site "Halkidiki"]
[Date "2018.10.21"]
[Round "3"]
[White "Gabizon, Eyal"]
[Black "Kozak, Adam"]
[Result "1-0"]
[WhiteElo "2205"]
[BlackElo "2445"]
[Annotator "TA"]
[PlyCount "81"]
[EventDate "2018.10.20"]
[EventType "swiss"]
[EventCountry "GRE"]
[SourceTitle "playchess.com"]
[Source "ChessBase"]
[SourceQuality "1"]

{[%evp 23,81,-35,-18,-44,-12,-36,-20,-36,-30,-31,-25,-15,-19,-36,-42,-59,-47,-65,-56,-65,-50,-70,-33,-27,-31,-39,-42,-103,-98,-111,-121,-124,-110,-123,-74,-120,-88,-153,-83,-89,-95,-122,-114,-118,-120,-127,-120,-149,-110,-150,-129,-185,-71,-313,0,-180,1084,1096,29988,29989]} 1. d4 d5 2. c4 e6 3. Nc3 c6 4. Nf3 Nf6 5. e3 Nbd7 6. Bd3 dxc4 7. Bxc4 b5 8. Bd3 Bd6 9. a4 {D47: Semi-Slav: Meran System} (9. Qc2 Bb7 10. e4 e5 11. Bg5 h6 12. Bh4 O-O 13. O-O-O Qe7 14. Kb1 a6 15. dxe5 Nxe5 16. Nd4 g6 {½-½ (41) Adhiban,B (2671)-Nguyen,N (2618) Hamedan 2018}) 9... b4 10. Ne4 Nxe4 11. Bxe4 Bb7 12. Qc2 Rc8 {LiveBook: 5 Games} 13. O-O $1 h6 $146 (13... f5 $5 14. Bd3 $8 c5 $15) ({Predecessor:} 13... f5 14. Bd3 c5 15. Qe2 c4 16. Bb1 Nf6 {1-0 (41) Plaskett,H (2495)-Lopez Martinez,J (2499) Roquetas de Mar 2013}) 14. Rd1 O-O 15. Qe2 Qc7 16. Bd2 Nf6 {[%cal Bd7f6,Bf6e4,Be4c3][%mdl 32]} 17. Bd3 c5 18. Rac1 Qa5 19. b3 Ne4 20. dxc5 Rxc5 21. Rxc5 Bxc5 22. Rc1 Nc3 23. Qe1 {[%cal Rd2c3]} Rd8 $36 {[%mdl 2048] Black is pushing.} 24. Bf1 {[%cal Rd2c3]} Ne4 25. Bc4 (25. Rc4 $1 $15) 25... Qb6 $17 26. Qe2 Be7 27. Be1 Bf6 28. Rd1 Rc8 29. Qd3 Nc5 30. Qd2 ({White should try} 30. Qe2) 30... Bc3 (30... a5 $142 {Threatens to win with ...Nxa4!} 31. Qe2 Qc6) 31. Qe2 Bxf3 32. Qxf3 Bxe1 33. Rxe1 {[#]} Nxa4 $1 {[%mdl 512]} 34. Rd1 {Strongly threatening Rd7.} (34. bxa4 Rxc4) 34... Nc5 35. h4 {[%cal Bh2h4,Bh4h5,Bh5g6][%mdl 32]} Qc7 36. h5 a5 37. Rd4 (37. Qg4 $17) 37... Qe5 (37... Qb8 $19 {has better winning chances. ...a4 is the strong threat.} 38. Rf4 Qb7 39. Qxb7 Nxb7) 38. Rf4 $2 (38. Qd1 $17) 38... Qc7 $2 (38... a4 $19 39. Rxf7 axb3) 39. Rg4 $2 (39. Rd4 $11) 39... Rb8 $4 {[%mdl 8192]} (39... Nd7 $19 40. Qd1 {[#]} a4 $1 {[%mdl 512]}) 40. Qf6 $1 $18 {[%csl Gg4][%cal Rf6g7]} g5 41. hxg6 {Precision: White = 28%, Black = 50%.} 1-0

[Event "WYCC 2018 O16"]
[Site "Halkidiki"]
[Date "2018.10.21"]
[Round "3"]
[White "Van Malder, Dries"]
[Black "Szpar, Milosz"]
[Result "0-1"]
[WhiteElo "2150"]
[BlackElo "2328"]
[Annotator "NA"]
[PlyCount "52"]
[EventDate "2018.10.20"]
[EventType "swiss"]
[EventCountry "GRE"]
[SourceTitle "playchess.com"]
[Source "ChessBase"]
[SourceQuality "1"]
[TimeControl "40/5400+30:1800+30"]

1. d4 {[%emt 0:00:00]} Nf6 {[%emt 0:00:00]} 2. c4 {[%emt 0:00:00]} e6 {[%emt 0:00:00]} 3. Nf3 {[%emt 0:00:00]} b6 {[%emt 0:00:38]} 4. g3 {[%emt 0:00:02]} Ba6 {[%emt 0:00:24]} 5. Qa4 {[%emt 0:01:52]} c5 {[%emt 0:05:00]} 6. Bg2 {[%emt 0:03:16]} Bb7 {[%emt 0:01:10]} 7. O-O {[%emt 0:05:49]} Be7 {[%emt 0:08:43] LiveBook: 73 Games} 8. Nc3 {[%emt 0:02:54]} cxd4 {[%emt 0:07:16]} 9. Nxd4 {[%emt 0:00:14]} Bxg2 {[%emt 0:01:59]} 10. Kxg2 {[%emt 0:00:25]} O-O {[%emt 0:05:07]} 11. Rd1 {[%emt 0:02:04]} Qc7 {[%emt 0:01:25] E15: Damenindisch (Hauptfortsetzung, Abweichungen)} (11... Qc8 12. Bf4 a6 13. Nf3 Nc6 14. Kg1 d5 15. Rac1 dxc4 16. Qxc4 Na5 17. Qa4 Qb7 18. Bd6 Bxd6 19. Rxd6 Rac8 {½-½ (59) Laznicka,V (2683)-Bologan,V (2734) Istanbul 2012}) 12. Ndb5 {[%emt 0:19:12]} Qc6+ {[%emt 0:03:06]} 13. Kg1 {[%emt 0:00:41]} Rc8 {[%emt 0:03:11]} 14. b3 {[%emt 0:09:16]} a6 $1 $146 {[%emt 0:01:55]} ({Vorgänger:} 14... d6 15. Ba3 Ne8 16. Rac1 Nd7 17. Bb4 a6 18. Nd4 Qxa4 19. Nxa4 Rab8 {½-½ (68) Plamenov Ribarov,P (2038)-Vives Bellber,T (1964) Barcelona 2012}) 15. Nd4 {[%emt 0:00:40]} Qb7 {[%emt 0:01:33]} 16. Rd3 $17 {[%emt 0:08:02]} d6 {[%emt 0:19:40]} 17. Ba3 {[%emt 0:08:14]} Nbd7 {[%emt 0:00:50]} 18. Rad1 {[%emt 0:02:04]} Ne5 {[%emt 0:02:38]} 19. R3d2 {[%emt 0:01:39]} b5 {[%emt 0:03:15]} 20. Qb4 {[%emt 0:01:09]} Bf8 {[%emt 0:04:16]} 21. Qa5 {[%emt 0:17:23]} bxc4 {[%emt 0:02:08]} 22. Na4 {[%emt 0:01:43]} cxb3 {[%emt 0:05:06]} 23. axb3 {[%emt 0:01:19]} Rab8 {[%emt 0:01:04]} 24. Ra2 {[%emt 0:04:02]} h5 {[%emt 0:02:46]} 25. h4 {[%emt 0:01:10]} Be7 {[%emt 0:02:07]} 26. Rad2 {[%emt 0:01:17]} Bd8 {[%emt 0:00:40]} 0-1

[Event "WYCC 2018 O16"]
[Site "Halkidiki"]
[Date "2018.10.21"]
[Round "3"]
[White "Kovacsy, Barnabas"]
[Black "Zhalmakhanov, Ramazan"]
[Result "1/2-1/2"]
[WhiteElo "2104"]
[BlackElo "2316"]
[Annotator "NA"]
[PlyCount "134"]
[EventDate "2018.10.20"]
[EventType "swiss"]
[EventCountry "GRE"]
[SourceTitle "playchess.com"]
[Source "ChessBase"]
[SourceQuality "1"]
[TimeControl "40/5400+30:1800+30"]

1. e4 {[%emt 0:00:00]} c5 {[%emt 0:00:05]} 2. Nf3 {[%emt 0:00:00]} d6 {[%emt 0:00:07]} 3. d4 {[%emt 0:00:00]} cxd4 {[%emt 0:00:12]} 4. Nxd4 {[%emt 0:00:00]} Nf6 {[%emt 0:00:08]} 5. Nc3 {[%emt 0:00:00]} Bd7 {[%emt 0:00:06]} 6. Bg5 {[%emt 0:00:09]} e6 {[%emt 0:00:07]} 7. Ndb5 {[%emt 0:00:10] B56: Classical Sicilian: Unusual Lines} (7. Qd2 h6 8. Bxf6 Qxf6 9. Ndb5 Bxb5 10. Bxb5+ Nc6 11. O-O-O a6 12. Bxc6+ bxc6 13. f4 Qd8 14. g4 Qa5 15. h4 {½-½ (42) Leko,P (2714)-Li,C (2748) Szeged 2015 CBM 168 [Fischer,J]}) 7... Bxb5 {[%emt 0:01:15]} 8. Bxb5+ {[%emt 0:03:14]} Nc6 {[%emt 0:00:07]} 9. O-O {[%emt 0:03:57]} Be7 {[%emt 0:00:08]} 10. Kh1 $146 {[%emt 0:02:10]} ({Predecessor:} 10. Be3 a6 11. Be2 b5 12. a3 Qc7 13. f4 Na5 14. Kh1 Nc4 {½-½ (41) Oliveira,M (1978)-Brankov,K (1903) Belgrade 2013}) 10... O-O {[%emt 0:00:32]} 11. f4 {[%emt 0:02:01]} h6 {[%emt 0:06:07]} 12. Bh4 {[%emt 0:05:03]} Rc8 {[%emt 0:19:35]} 13. Qe1 {[%emt 0:07:47]} Nd7 {[%emt 0:07:25]} 14. Bxe7 {[%emt 0:02:01]} Qxe7 {[%emt 0:00:11]} 15. Rd1 {[%emt 0:00:55]} a6 {[%emt 0:01:48]} 16. Bd3 {[%emt 0:02:27]} Rcd8 {[%emt 0:05:56]} 17. Qg3 {[%emt 0:02:12]} Kh8 {[%emt 0:01:13]} 18. Qh3 {[%emt 0:03:42]} Nc5 {[%emt 0:04:39]} 19. g4 {[%emt 0:03:58]} f6 {[%emt 0:04:49]} 20. Rg1 {[%emt 0:03:15]} b5 {[%emt 0:02:40]} 21. g5 {[%emt 0:04:06]} fxg5 {[%emt 0:01:10]} 22. fxg5 {[%emt 0:00:09]} Ne5 {[%emt 0:00:22]} 23. gxh6 {[%emt 0:00:25]} g6 {[%emt 0:00:04]} 24. Rdf1 {[%emt 0:01:18]} Kh7 {[%emt 0:01:45]} 25. Ne2 {[%emt 0:06:50]} b4 {[%emt 0:12:30]} 26. Nf4 {[%emt 0:06:05]} Rf7 {[%emt 0:01:49]} 27. Qg3 {[%emt 0:03:03]} Rg8 {[%emt 0:08:31]} 28. Nh3 {[%emt 0:01:41]} Rxf1 {[%emt 0:00:55]} 29. Ng5+ {[%emt 0:01:35]} Kh8 {[%emt 0:00:46]} 30. Rxf1 {[%emt 0:01:06]} Rf8 {[%emt 0:00:07]} 31. Rf4 {[%emt 0:03:15]} Rf6 {[%emt 0:03:25]} 32. h4 {[%emt 0:08:24]} Qf8 {[%emt 0:02:59]} 33. Rxf6 {[%emt 0:00:05]} Qxf6 {[%emt 0:00:02]} 34. Kg2 {[%emt 0:00:47]} a5 {[%emt 0:01:54]} 35. Bb5 {[%emt 0:04:09]} Qf8 {[%emt 0:03:46]} 36. a3 {[%emt 0:03:52]} bxa3 {[%emt 0:04:43]} 37. bxa3 {[%emt 0:00:22]} Qxh6 {[%emt 0:03:26]} 38. Qxe5+ {[%emt 0:07:17]} dxe5 {[%emt 0:00:06]} 39. Nf7+ {[%emt 0:00:04]} Kg7 {[%emt 0:00:02]} 40. Nxh6 {[%emt 0:00:00]} Kxh6 {[%emt 0:00:00]} 41. Bc6 {[%emt 0:00:49]} g5 {[%emt 0:04:21]} 42. hxg5+ {[%emt 0:01:12]} Kxg5 {[%emt 0:00:02]} 43. Kg3 {[%emt 0:00:11]} Kf6 {[%emt 0:00:42]} 44. Kf3 {[%emt 0:00:52]} Ke7 {[%emt 0:00:09]} 45. Ke3 {[%emt 0:00:40]} Kd6 {[%emt 0:00:04]} 46. Bb5 {[%emt 0:01:01]} Nb7 {[%emt 0:02:35]} 47. Bc4 {[%emt 0:03:40]} Nd8 {[%emt 0:01:38]} 48. Kd3 {[%emt 0:00:54]} Nc6 {[%emt 0:00:25]} 49. Bb3 {[%emt 0:02:49]} Nd4 {[%emt 0:02:32]} 50. Kc4 {[%emt 0:01:38]} Kc6 {[%emt 0:02:10]} 51. Ba4+ {[%emt 0:00:44]} Kb6 {[%emt 0:00:03]} 52. c3 {[%emt 0:02:51]} Nf3 {[%emt 0:00:50]} 53. Bc2 {[%emt 0:02:18]} Ng5 {[%emt 0:00:26]} 54. Bb1 {[%emt 0:02:47]} Nf7 {[%emt 0:00:15]} 55. Bd3 {[%emt 0:00:19]} Nd6+ {[%emt 0:00:05]} 56. Kb3 {[%emt 0:00:07]} Nb7 {[%emt 0:02:02]} 57. Kc4 {[%emt 0:01:32]} Kc6 {[%emt 0:00:15]} 58. Bc2 {[%emt 0:02:05]} Nc5 {[%emt 0:00:16]} 59. Bd3 {[%emt 0:00:43]} Nd7 {[%emt 0:01:43]} 60. Kb3 {[%emt 0:04:00]} Nb6 {[%emt 0:00:55]} 61. Bc4 {[%emt 0:04:16]} Kd6 {[%emt 0:00:42]} 62. Bb5 {[%emt 0:01:10]} Kc5 {[%emt 0:00:08]} 63. Bd3 {[%emt 0:00:03]} Nd7 {[%emt 0:02:19]} 64. Ka4 {[%emt 0:00:52]} Kb6 {[%emt 0:00:02]} 65. Kb3 {[%emt 0:00:07]} Nc5+ {[%emt 0:00:33]} 66. Kc4 {[%emt 0:00:13]} Nd7 {[%emt 0:01:51]} 67. Bc2 {[%emt 0:00:29]} Nc5 $11 {[%emt 0:02:34]} 1/2-1/2